000 00932nmc a2200301 a 4500
003 AR-BaBNM
005 20251128211808.0
008 176020s2005 ||||||||||||||000 | spa||
020 _a84-96108-22-8
040 _cAR-BaBNM
100 1 _aTribó Travería, Gemma
245 1 0 _aEnseñar a pensar históricamente
_blos archivos y las fuentes documentales en la enseñanza de la historia
250 _a1ª ed.
260 _aBarcelona
_bICE
_c2005
_bHORSORI
300 0 _a222 p.
490 0 _aCuadernos de formación del profesorado. Educación secundaria
_v19
504 _aContiene referencias bibliográficas
650 4 _aENSENANZA DE LA HISTORIA
650 4 _aDIDACTICA
650 4 _aHISTORIOGRAFIA
650 4 _aINVESTIGACION HISTORICA
650 4 _aINVESTIGACION EN LA CLASE
650 4 _aFUENTES DE INFORMACION
651 4 _aEspaña
653 0 _aEDUCACION SECUNDARIA
942 _cBK
998 _cme-solo cat
999 _c21148
_d21148